000 00369pam a2200133a 44500
008 230405s2017 xxu||||| |||| 00| 0 eng d
020 _a9789386217820
_cRs.650/-
082 _a618.2
_bWAN
100 _aWani,Reene
245 _aTextbook Of Midwifery For Nurses For B.Sc. Nursings Students
260 _aNew Delhi
_bCBS Pub.
_c2017
300 _a708 p.
906 _a003863
999 _c252098
_d252098